Ronda Rousey's career pro wrestling opponents - Statistics

General Stats
  • This quiz has been taken 144 times
    48 since last reset
  • The average score is 11 of 17
Answer Stats
Answer % Correct
Charlotte Flair
94%
Liv Morgan
92%
Alexa Bliss
86%
Nia Jax
86%
Sasha Banks
86%
Bayley
78%
Nikki Bella
75%
Ruby Riott
69%
Shayna Baszler
69%
Natalya
67%
Sarah Logan
64%
Sonya Deville
58%
Alicia Fox
39%
Dana Brooke
36%
Raquel Rodriguez
33%
Shotzi
33%
Mickie James
31%
No matching quizzes found
Score Distribution
Percent of People with Each Score
Percentile by Number Answered
Your Score History
You have not taken this quiz since the last reset